000 00715nam a2200265Ia 4500
003 OSt
005 20220912152458.0
006 a|||||r|||| 00| 0
007 ta
008 220909b |||||||| |||| 00| 0 eng d
024 _a45213
037 _cTextual
040 _aCSL
_beng
_cCSL
041 _aeng
082 _aE92Zp1:N63, K3
100 _aRamachandran G N Ed.
111 _aNational conference on aspects of protein structure (1963 : Madras)
245 0 _aProceeding on aspects of protein structure
260 _c1963
300 _ap.
_ccm.
650 _a Alkaloid
650 _aChemistry
942 _hE92Zp1:N63, K3
_cTEXL
_2CC
999 _c87066
_d87066